Kiếp người Tiểu thuyết . t. II /

Spremljeno u:
Bibliografski detalji
Glavni autori: Hoàng Tuý, Nguyễn Xuân Phương
Format: Sách giấy
Jezik:Vietnamese
Izdano: Hà Nội : Văn học , 1997
Oznake: Dodaj oznaku
Bez oznaka, Budi prvi tko označuje ovaj zapis!
Thư viện lưu trữ: Thư viện Trường Đại học Đà Lạt
LEADER 00648nam a2200253 4500
001 DLU020010834
005 ##12/3/1999
041 # # |a vie 
082 # # |a 823  |b MA-W 
090 # # |a 823  |b MA-W 
100 # # |a Hoàng Tuý 
100 # # |a Nguyễn Xuân Phương 
245 # # |a Kiếp người   |b Tiểu thuyết .  |n t. II /  |c Hoàng Tuý, Nguyễn Xuân Phương, Maugham William Somerset 
260 # # |a Hà Nội :  |b Văn học ,  |c 1997 
300 # # |a 478 tr.;   |c 19 cm. 
992 # # |a 35000 
994 # # |a DLU 
900 # # |a False 
911 # # |a Administrator 
925 # # |a G 
926 # # |a A 
927 # # |a SH 
980 # # |a Thư viện Trường Đại học Đà Lạt